| 000 | 00845cam a2200265u 4500 | ||
|---|---|---|---|
| 001 | 24450 | ||
| 003 | BD-RjUL | ||
| 005 | 20211209001043.0 | ||
| 008 | 140313s1967 enk 001 0 eng d | ||
| 035 | _a(BD-RjUL) | ||
| 040 |
_aDLC _cCarP _dDLC _dBD-RjUL _beng |
||
| 041 | _aeng | ||
| 082 | 0 | 0 |
_a937.05 _bBAJ 1967 |
| 100 | 1 |
_aBalsdon, John Percy Vyvian Dacre, _d1901- [from old catalog] _975274 |
|
| 245 | 1 | 0 |
_aJulius Caesar and Rome / _c John Balsdon, |
| 260 |
_aLondon : _bEnglish Universities P., _c1967 |
||
| 300 |
_aviii, 184 p. ; _c18 cm. |
||
| 504 | _aIncludes Index | ||
| 600 | 1 | 0 |
_aCaesar, Julius. _975275 |
| 830 | 0 |
_aJulius Caesar; a political biography. [from old catalog] _975276 |
|
| 942 |
_2ddc _cBK |
||
| 999 |
_c24450 _d24450 |
||